Normal view
MARC view
- Hafid Muhammad 'Uthman
Entry Personal Name
001 - CONTROL NUMBER
- control field: 2432
003 - CONTROL NUMBER IDENTIFIER
- control field: OSt
005 - DATE AND TIME OF LATEST TRANSACTION
- control field: 20170508154843.0
008 - FIXED-LENGTH DATA ELEMENTS
- fixed length control field: 170508|| aca||aabn | a|a d
040 ## - CATALOGING SOURCE
- Original cataloging agency: OSt
- Transcribing agency: OSt
100 ## - HEADING--PERSONAL NAME
- Personal name: Hafid Muhammad 'Uthman
670 ## - SOURCE DATA FOUND
- Source citation: Work cat.: (OSt): Qutb, Sayyid 1906-1966 2293, Manhaj hidup muslim /, 1988

PORTAL AKMAL
E-MEL JKDM
AKMAL2U
G-BAM
u-PUSTAKA